000 00286nam a2200121 a 4500
008 101208s1980|||| d
245 1 0 _aČierno biela tvorivá fotografie
100 1 _aTausk, Peter
260 _bOsveta
_aMartin
_c1980
020 _c44
044 _axo
_cSK
041 _aslo
999 _c14877
_d14877